LEADER 01266nam 2200325z- 450 001 9910689415403321 005 20161209100650.0 035 $a(CKB)5860000000031326 035 $a(BIP)007967287 035 $a(EXLCZ)995860000000031326 100 $a20220406c2001uuuu -u- - 101 0 $aeng 200 10$aPriorities of the U.S. Department of Health and Human Services reflected in the fiscal year 2002 budget $ehearing before the Subcommittee on Health of the Committee on Energy and Commerce, One Hundred Seventh Congress, first session, April 26, 2001 215 $a1 online resource (iii, 97 p.) 311 $a0-16-066183-8 517 $aPriorities of the U.S. Department of Health and Human Services reflected in the fiscal year 2002 budget 606 $aPublic health$zUnited States 606 $aHuman services$zUnited States 610 $aUnited States 610 $aPublic health 610 $aHuman services 610 $aPolitical science 610 $aMedical 610 $aSocial science 615 0$aPublic health 615 0$aHuman services 906 $aBOOK 912 $a9910689415403321 996 $aPriorities of the U.S. Department of Health and Human Services reflected in the fiscal year 2002 budget$93146639 997 $aUNINA